[Event "Valle Region-ch U26"]
[Site "Tulua"]
[Date "2009.07.10"]
[Round "2.5"]
[White "Valencia, David Fernando"]
[Black "Carrero Castro, Camilo Esteban"]
[Result "1-0"]
[WhiteElo "1844"]
[BlackElo "1600"]
[PlyCount "45"]
[EventDate "2009.07.10"]
[EventType "swiss"]
[EventRounds "7"]
[EventCountry "COL"]
[SourceTitle "EXT 2024"]
[Source "ChessBase"]
[SourceDate "2023.10.10"]
[SourceVersion "1"]
[SourceVersionDate "2023.10.10"]
[SourceQuality "1"]

1. e4 e5 2. Nf3 Nc6 3. Bc4 Bc5 4. 0-0 Nf6 5. Nc3 0-0 6. d3 d6 7. h3 h6 8. Ne2 Ne7 9. Ng3 Ng6 10. c3 Qe7 11. Re1 Bd7 12. Nf5 Qe8 13. N3h4 Nf4 14. Bxf4 exf4 15. Ng6 Nh7 16. Nfe7+ Qxe7 17. Nxe7+ Kh8 18. Qh5 Ng5 19. Nf5 Rae8 20. h4 Nh7 21. Bxf7 Re5 22. Qg6 d5 23. Qxg7# 1-0